ბათუმის შოთა რუსთაველის სახელმწიფო უნივერსიტეტის ბიბლიოთეკა

ბავშვის ფსიქოლოგია და ექსპერიმენტული პედაგოგიკა / (ბიბ.ჩანაწერი № 53861)

000 -ლიდერი
ფიქსირებული სიგრძის საკონტროლო ველი 01436nam a2200277Ia 4500
001 - საკონტროლო ნომერი
საკონტროლო ველი 20912
003 - საკონტროლო ნომრის იდენტიფიკატორი
საკონტროლო ველი GE_BSU
005 - ბოლო ოპერაციის თარიღი და დრო
საკონტროლო ველი 20221219122608.0
008 - ფიქსირებული სიგრძის მონაცემთა ელემენტები - ზოგადი ინფორმაცია
ფიქსირებული სიგრძის საკონტროლო ველი 181216s2016||||ge |||||||||||||| ||geo||
020 ## - წიგნის საერთაშორისო სტანდარტული ნომერი
International Standard Book Number 9789941090592
040 ## - კატალოგიზაციის წყარო
Transcribing agency GE_BSU
041 ## - ენის კოდი
Language code of text/sound track or separate title geo
080 ## - უნივერსალური ათობითი კლასიფიკაციის ინდექსი
Universal Decimal Classification number 159.9+37.01 კ–58
100 ## - მთავარი ჩანაწერი - პიროვნების სახელი
Personal name კლაპარედი, ედუარდ
9 (RLIN) 16478
245 ## - ცნობა სათაურის შესახებ
Title ბავშვის ფსიქოლოგია და ექსპერიმენტული პედაგოგიკა /
Statement of responsibility, etc ედუარდ კლაპარედი ; მთარგმნელები: ნინა თურმანიძე და ლაშა ბულია ; რედაქტორი თამაზ თურმანიძე.
264 ## - წარმოების, გამოცემის, დისტრიბუციის და სხვა ცნობები
გამოცემის, წარმოების, დისტრიბუციის... ადგილი თბილისი :
გამოცემის, წარმოების, დისტრიბუციის... სახელწოდება გეო,
გამოცემის, წარმოების, დისტრიბუციის... თარიღი 2016.
300 ## - ფიზიკური აღწერა
Extent 176 გვ.;
Other physical details ნახ;
Dimensions 20 სმ.
653 ## - INDEX TERM--UNCONTROLLED
Uncontrolled term პედაგოგიკა
653 ## - INDEX TERM--UNCONTROLLED
Uncontrolled term ფსიქოლოგია
653 ## - INDEX TERM--UNCONTROLLED
Uncontrolled term პედაგოგიკური ფსიქოლოგია
653 ## - INDEX TERM--UNCONTROLLED
Uncontrolled term ექსპერიმენტული ფსიქოლოგია.
700 ## - ADDED ENTRY--PERSONAL NAME
Personal name თურმანიძე, ნინა
Relator term მთარგმნელი
9 (RLIN) 16479
700 ## - ADDED ENTRY--PERSONAL NAME
Personal name ბულია, ლაშა
Relator term მთარგმნელი.
9 (RLIN) 11893
700 ## - ADDED ENTRY--PERSONAL NAME
Personal name თურმანიძე, თამაზ
Relator term რედაქტორი
9 (RLIN) 11865
942 ## - ADDED ENTRY ELEMENTS (KOHA)
Koha item type წიგნი
Source of classification or shelving scheme
ეგზემპლარები
ჩამოწერის სტატუსი დაკარგული ეგზემპლარის სტატუსი კლასიფიკაციის წყარო ან თაროზე გაწყობის სქემა დაზიანების სტატუსი არ გაიცემა მუდმივი მდებარეობა (დაცვის ადგილი) ამჟამინდელი ადგილსამყოფელი თაროზე განთავსების ადგილი შეძენის თარიღი ღირებულება, შესყიდვის ნორმალური ფასი სრული შენახვის შიფრი შტრიხკოდი ბოლო ოპერაციის თარიღი ეგზემპლარის მიმდევრობითი ნომერი (კეტერი?) ფასის ძალაში შესვლის თარიღი ეგზემპლარის სახეობა საჯარო შენიშვნა
          ბათუმის შოთა რუსთაველის სახელმწიფო უნივერსიტეტის მთავარი ბიბლიოთეკა ბათუმის შოთა რუსთაველის სახელმწიფო უნივერსიტეტის მთავარი ბიბლიოთეკა წიგნსაცავი 2018-12-17 6.57 159.9+37.01 კ–58 54517 2018-12-17 54517 2018-12-17 წიგნი 6 ლ.57 თ.
          ბათუმის შოთა რუსთაველის სახელმწიფო უნივერსიტეტის მთავარი ბიბლიოთეკა ბათუმის შოთა რუსთაველის სახელმწიფო უნივერსიტეტის მთავარი ბიბლიოთეკა წიგნსაცავი 2024-01-26 10.00 159.9+37.01 კ–58 67181 2024-01-26 67181 2024-01-26 წიგნი 10.00
          ბათუმის შოთა რუსთაველის სახელმწიფო უნივერსიტეტის მთავარი ბიბლიოთეკა ბათუმის შოთა რუსთაველის სახელმწიფო უნივერსიტეტის მთავარი ბიბლიოთეკა წიგნსაცავი 2024-01-26 10.00 159.9+37.01 კ–58 67182 2024-01-26 67182 2024-01-26 წიგნი 10.00
          ბათუმის შოთა რუსთაველის სახელმწიფო უნივერსიტეტის მთავარი ბიბლიოთეკა ბათუმის შოთა რუსთაველის სახელმწიფო უნივერსიტეტის მთავარი ბიბლიოთეკა წიგნსაცავი 2024-01-26 10.00 159.9+37.01 კ–58 67183 2024-01-26 67183 2024-01-26 წიგნი 10.00
          ბათუმის შოთა რუსთაველის სახელმწიფო უნივერსიტეტის მთავარი ბიბლიოთეკა ბათუმის შოთა რუსთაველის სახელმწიფო უნივერსიტეტის მთავარი ბიბლიოთეკა წიგნსაცავი 2024-01-26 10.00 159.9+37.01 კ–58 67184 2024-01-26 67184 2024-01-26 წიგნი 10.00
          ბათუმის შოთა რუსთაველის სახელმწიფო უნივერსიტეტის მთავარი ბიბლიოთეკა ბათუმის შოთა რუსთაველის სახელმწიფო უნივერსიტეტის მთავარი ბიბლიოთეკა წიგნსაცავი 2024-01-26 10.00 159.9+37.01 კ–58 67185 2024-01-26 67185 2024-01-26 წიგნი 10.00